000 00490nam a2200193Ia 4500
003 GCL
008 140319s9999 xx 000 0 eng d
040 _aGCL /
_cGCL
082 0 4 _a953
_bS D
100 1 _aSPENGLER, OSWALD
245 1 0 _aTHE DECLINE OF THE WEST, FROM AND ACTUALITY /
_cSPENGLER, OSWALD
260 _a[S.N] :
_bALFRED A KNOPF ،
_c1939
300 _a507 PP
650 0 4 _aCIVILIZATION
650 0 4 _aEGYPT
650 0 4 _aMIDDLE EAST
650 0 4 _aARABS
942 _2ddc
_cBK
999 _c18151
_d18151